| 000 | 00666cam a22002533a 4500 | ||
|---|---|---|---|
| 001 | 24048 | ||
| 003 | PGUSA | ||
| 005 | 20140828083520.0 | ||
| 008 | 071227s2007||||xxu|||||s|||||000 | eng d | ||
| 040 |
_aPGUSA _beng |
||
| 042 | _adc | ||
| 050 | 4 | _aPL | |
| 245 | 1 | 0 |
_a禮記 _h[electronic resource] / _cAnonymous |
| 260 |
_bProject Gutenberg, _c2007 |
||
| 506 | _aPublic domain in the USA. | ||
| 516 | _aElectronic text | ||
| 653 | _aChina -- Social life and customs | ||
| 653 | _aEthics -- China | ||
| 653 | _aEtiquette -- China | ||
| 740 | 0 | _aLi Ji | |
| 830 | 0 |
_aProject Gutenberg _v24048 |
|
| 856 | 4 | 0 | _uhttp://www.gutenberg.org/ebooks/24048 |
| 942 | _cEB | ||
| 999 |
_c253303 _d253303 |
||